[Event "PRO Chess League (Knock-Out)"]
[Site "chess.com INT"]
[Date "2017.03.08"]
[EventDate "2017.03.01"]
[Round "2"]
[Result "0-1"]
[White "Romain Edouard"]
[Black "Maxime Vachier-Lagrave"]
[WhiteElo "2626"]
[BlackElo "2803"]
[PlyCount "96"]

1. Nf3 c5 2. c4 Nc6 3. d4 cxd4 4. Nxd4 Nf6 5. Nc3 e6 6. a3 Be7
7. e4 O-O 8. Be2 d5 9. exd5 exd5 10. O-O Nxd4 11. Qxd4 dxc4
12. Qxd8 Rxd8 13. Bxc4 Bf5 14. Re1 Kf8 15. h3 Rac8 16. Ba2 Bc5
17. Bb1 Bxb1 18. Rxb1 Nd5 19. Bd2 Nb6 20. Ne4 Be7 21. Bb4 Bxb4
22. axb4 Rd4 23. Nc5 Rxb4 24. Rbc1 g6 25. Nxb7 Rxb2 26. Nc5 a5
27. Re5 Kg8 28. Rce1 Rb5 29. Nb7 Rxe5 30. Rxe5 a4 31. Ra5 Ra8
32. Rxa8+ Nxa8 33. Nc5 a3 34. Kf1 a2 35. Nb3 Nb6 36. Ke2 Na4
37. Na1 Kg7 38. Kd3 Kf6 39. Kc4 Ke5 40. Kb3 Nc5+ 41. Kxa2 Nd3
42. Kb3 Nxf2 43. Kc3 Kf4 44. Nc2 Kg3 45. Ne1 Nh1 46. Kd4 Kf2
47. Nf3 f6 48. Nd2 Ng3 0-1

[Event "GRENKE Chess Classic"]
[Site "Karlsruhe GER"]
[Date "2017.04.15"]
[EventDate "2017.04.13"]
[Round "1"]
[Result "0-1"]
[White "Maxime Vachier-Lagrave"]
[Black "Arkadij Naiditsch"]
[WhiteElo "2803"]
[BlackElo "2702"]
[PlyCount "86"]

1. e4 e6 2. d4 d5 3. Nc3 Nf6 4. e5 Nfd7 5. f4 c5 6. Nf3 a6
7. Ne2 Nc6 8. c3 b5 9. a3 c4 10. g4 h5 11. gxh5 Rxh5 12. f5
exf5 13. Nf4 Rh8 14. Qe2 Nb6 15. Rg1 Ra7 16. h4 Na8 17. e6
Bxe6 18. Nxe6 fxe6 19. Rg6 Nc7 20. Bf4 Bd6 21. Qh2 Bxf4
22. Qxf4 Kd7 23. Rxg7+ Kc8 24. O-O-O Qf6 25. Qg5 Qxg5+
26. hxg5 Ne8 27. Rg6 Re7 28. Re1 Kd7 29. Rh6 Rg8 30. Bh3 Nd6
31. Rg1 Ne4 32. Kd1 Reg7 33. Rh5 Nd8 34. Ke2 Nf7 35. g6 Rxg6
36. Rxf5 Rxg1 37. Rxf7+ Ke8 38. Ra7 Rb1 39. Bxe6 Rxb2+ 40. Ke3
Rg3 41. Bxd5 Nxc3 42. Bc6+ Kf8 43. d5 Rg4 0-1

[Event "GRENKE Chess Classic"]
[Site "Karlsruhe GER"]
[Date "2017.04.16"]
[EventDate "2017.04.15"]
[Round "2.4"]
[Result "1-0"]
[White "Maxime Vachier-Lagrave"]
[Black "Matthias Bluebaum"]
[WhiteElo "2803"]
[BlackElo "2634"]
[PlyCount "147"]

1. Nf3 d5 2. g3 Bg4 3. Bg2 e6 4. O-O Nf6 5. h3 Bh5 6. d4 Nbd7
7. c4 c6 8. cxd5 exd5 9. Qb3 Qb6 10. Qe3+ Be7 11. Nh4 Bg6
12. Nc3 Qd8 13. b4 b5 14. a4 a5 15. Nxg6 hxg6 16. bxa5 b4
17. Na2 O-O 18. Bd2 Re8 19. Qb3 c5 20. dxc5 Nxc5 21. Qxb4 Nce4
22. Qd4 Nxd2 23. Qxd2 Qxa5 24. Qxa5 Rxa5 25. e3 Ne4 26. Nc1
Rea8 27. Ne2 Rxa4 28. Rxa4 Rxa4 29. Rd1 Bf6 30. Rxd5 Ra1+
31. Bf1 Kf8 32. Kg2 Ra2 33. Rb5 Rb2 34. Ra5 g5 35. Ra4 Nc5
36. Ra8+ Ke7 37. Ra7+ Kf8 38. Nc1 Ne4 39. Nd3 Rd2 40. Kf3 Nd6
41. Ra8+ Ke7 42. e4 Bd4 43. Ra4 Bb6 44. e5 Nc8 45. Rg4 f6
46. h4 fxe5 47. Rxg5 Kf6 48. Kg4 Ne7 49. Nxe5 Bxf2 50. Kh3 Bd4
51. Nf3 Rf2 52. Bg2 Be3 53. Ra5 Rb2 54. g4 Ng6 55. Ra6+ Kf7
56. Bf1 Rb4 57. h5 Nf4+ 58. Kg3 Ne6 59. Bd3 Bf4+ 60. Kh4 Nc7
61. Rc6 Ke7 62. Bf5 Bd6 63. Kg5 Nd5 64. Ra6 Nc7 65. Rc6 Nd5
66. Nh4 Rb6 67. Ng6+ Kf7 68. Be4 Rb5 69. Rxd6 Nf6+ 70. Kf4 Rb4
71. Kf5 Nxe4 72. Rd7+ Ke8 73. Re7+ Kd8 74. Rxe4 1-0

[Event "GRENKE Chess Classic"]
[Site "Karlsruhe GER"]
[Date "2017.04.17"]
[EventDate "2017.04.13"]
[Round "3"]
[Result "1-0"]
[White "Levon Aronian"]
[Black "Maxime Vachier-Lagrave"]
[WhiteElo "2774"]
[BlackElo "2803"]
[PlyCount "83"]

1. Nf3 c5 2. c4 Nc6 3. Nc3 e5 4. e3 Nf6 5. d4 e4 6. d5 exf3
7. dxc6 dxc6 8. Qxd8+ Kxd8 9. gxf3 Kc7 10. b3 Be7 11. Bb2 Rd8
12. h4 g6 13. Ne4 Nxe4 14. fxe4 h5 15. Be5+ Bd6 16. Bf6 Re8
17. f3 a5 18. a4 Be7 19. Bc3 Be6 20. O-O-O b6 21. Be2 Red8
22. Rdg1 b5 23. Kc2 b4 24. Be5+ Kb7 25. Bf4 Rd7 26. e5 Bf8
27. Rd1 Rxd1 28. Rxd1 Bg7 29. Bd3 Rd8 30. Bg5 Rd7 31. f4 Bg4
32. Be2 Bf5+ 33. Kc1 Kc7 34. Bf3 Bf8 35. e4 Bh3 36. f5 gxf5
37. Bxh5 fxe4 38. Rxd7+ Kxd7 39. Bxf7 Bg7 40. e6+ Bxe6
41. Bxe6+ Kxe6 42. Kd2 1-0

[Event "GRENKE Chess Classic"]
[Site "Baden-Baden GER"]
[Date "2017.04.20"]
[EventDate "2017.04.15"]
[Round "5.3"]
[Result "1/2-1/2"]
[White "Fabiano Caruana"]
[Black "Maxime Vachier-Lagrave"]
[WhiteElo "2817"]
[BlackElo "2803"]
[PlyCount "85"]

1. e4 c5 2. Nf3 d6 3. d4 cxd4 4. Nxd4 Nf6 5. Nc3 a6 6. Bg5 e6
7. f4 h6 8. Bh4 Qb6 9. a3 Be7 10. Bf2 Qc7 11. Qf3 Nbd7
12. O-O-O b5 13. g4 Bb7 14. h4 d5 15. e5 Ne4 16. Rh3 Nxf2
17. Qxf2 b4 18. axb4 Bxb4 19. f5 Nxe5 20. fxe6 O-O 21. Qg1
Rae8 22. g5 h5 23. Be2 g6 24. exf7+ Qxf7 25. Nb3 Nc4 26. Rf3
Qg7 27. Rxf8+ Rxf8 28. Qd4 Qxd4 29. Rxd4 Rc8 30. Bd3 Nxb2
31. Rxb4 Nxd3+ 32. cxd3 Rxc3+ 33. Kd2 Rc7 34. Ke3 Bc8 35. Kd4
Kf7 36. Nc5 Ra7 37. Kxd5 a5 38. Rf4+ Bf5 39. Kc6 Ke7 40. Rd4
a4 41. Kb6 Ra8 42. Nxa4 Bxd3 43. Nc5 1/2-1/2

[Event "GRENKE Chess Classic"]
[Site "Baden-Baden GER"]
[Date "2017.04.21"]
[EventDate "2017.04.13"]
[Round "6"]
[Result "1/2-1/2"]
[White "Maxime Vachier-Lagrave"]
[Black "Georg Meier"]
[WhiteElo "2803"]
[BlackElo "2621"]
[PlyCount "80"]

1. e4 e6 2. d4 d5 3. Nc3 dxe4 4. Nxe4 Nd7 5. Nf3 Ngf6 6. Bd3
c5 7. O-O Nxe4 8. Bxe4 Nf6 9. Bg5 cxd4 10. Nxd4 Be7 11. Bf3
O-O 12. Qd3 Bc5 13. Rad1 e5 14. Nb3 Qxd3 15. cxd3 Bb6 16. Rfe1
h6 17. Bh4 Be6 18. Bg3 Rac8 19. Bxe5 Bxb3 20. axb3 Rc2 21. Rf1
Rd8 22. Bxb7 Ng4 23. Bg3 Rxb2 24. Bf3 f5 25. h3 f4 26. Bh4 Nf6
27. Bxf6 gxf6 28. Rde1 Rxd3 29. Re4 Rd4 30. Re8+ Kg7 31. Rfe1
Rd7 32. R8e2 Rxe2 33. Rxe2 Rd1+ 34. Kh2 Rf1 35. g3 Rxf2+
36. Rxf2 Bxf2 37. gxf4 Bb6 38. Be4 Bc7 39. Kg3 Bd6 40. Kf3 Bc7
1/2-1/2

[Event "Bundesliga 2016/17"]
[Site "Berlin GER"]
[Date "2017.04.30"]
[EventDate "2016.10.15"]
[Round "14.8"]
[Result "1-0"]
[White "Maxime Vachier-Lagrave"]
[Black "Markus Ragger"]
[WhiteElo "2811"]
[BlackElo "2700"]
[PlyCount "89"]

1. Nf3 Nf6 2. g3 g6 3. Bg2 Bg7 4. d4 O-O 5. O-O d5 6. Nbd2 a5
7. b3 a4 8. Ba3 Ne4 9. Nxe4 dxe4 10. Ne5 f6 11. Nc4 f5 12. e3
Nc6 13. f4 b5 14. Ne5 Bxe5 15. fxe5 b4 16. Bb2 e6 17. Qd2 Ba6
18. Rfd1 Qd5 19. Rac1 Rfd8 20. c4 bxc3 21. Qxc3 Bb5 22. Qe1
Qd7 23. d5 exd5 24. Rc5 Rab8 25. Qc3 Qe6 26. Bf1 Na7 27. Rcxd5
Rxd5 28. Rxd5 Bxf1 29. Qxc7 Rc8 30. Qxa7 f4 31. Qd4 Bd3
32. Rd8+ Rxd8 33. Qxd8+ Kf7 34. exf4 Qg4 35. Qd5+ Ke8 36. Qg8+
Kd7 37. e6+ Qxe6 38. Qxh7+ Kc6 39. Be5 axb3 40. a4 e3 41. Qc7+
Kd5 42. Qd8+ Ke4 43. Qd4+ Kf3 44. Qxd3 Qc8 45. Bc3 1-0

[Event "Bundesliga 2016/17"]
[Site "Berlin GER"]
[Date "2017.05.01"]
[EventDate "2016.10.15"]
[Round "15.7"]
[Result "0-1"]
[White "Patrick Zelbel"]
[Black "Maxime Vachier-Lagrave"]
[WhiteElo "2452"]
[BlackElo "2811"]
[PlyCount "136"]

1. e4 c5 2. c3 Nf6 3. e5 Nd5 4. Bc4 Nb6 5. Bb3 c4 6. Bc2 d6
7. exd6 Qxd6 8. Nf3 Qe6+ 9. Kf1 Nc6 10. a4 Qd5 11. d4 cxd3
12. Qxd3 g6 13. Qxd5 Nxd5 14. Na3 Bg7 15. Ke2 O-O 16. Rd1 Rd8
17. Nb5 Bg4 18. h3 Bxf3+ 19. Kxf3 e6 20. Bb3 a6 21. Na3 Rac8
22. Bg5 Rd7 23. Nc4 b5 24. axb5 axb5 25. Ne3 h6 26. Nxd5 hxg5
27. Nb6 Rxd1 28. Rxd1 Rc7 29. Ke2 Ne5 30. Rd8+ Bf8 31. g3 Rb7
32. Nc8 Nc6 33. Rd2 Na5 34. Ba2 b4 35. cxb4 Bxb4 36. Rd8+ Kg7
37. Nd6 Bxd6 38. Rxd6 Rxb2+ 39. Rd2 Rb4 40. Ke3 Nc6 41. Rc2
Nd4 42. Rd2 Nf5+ 43. Kf3 Kf6 44. Rd7 Nd4+ 45. Ke3 Nc6 46. Rc7
Na5 47. Rc5 Ra4 48. Rc2 Ke7 49. Kf3 Kd6 50. Rd2+ Kc7 51. Bb1
Nb3 52. Ra2 Rc4 53. Ra7+ Kd6 54. Ba2 Nd4+ 55. Ke4 Nc6+
56. Bxc4 Nxa7 57. Be2 Nc6 58. Bb5 e5 59. Bc4 f5+ 60. Ke3 e4
61. Be2 Ke5 62. f4+ gxf4+ 63. gxf4+ Kd6 64. Bc4 Nb4 65. Kf2
Nd5 66. Kg3 Kc5 67. Bb3 Kd4 68. Ba2 e3 0-1

[Event "FIDE Grand Prix Moscow"]
[Site "Moscow RUS"]
[Date "2017.05.12"]
[EventDate "2017.05.12"]
[Round "1.1"]
[Result "1/2-1/2"]
[White "Maxime Vachier-Lagrave"]
[Black "Michael Adams"]
[WhiteElo "2795"]
[BlackElo "2747"]
[PlyCount "53"]

1. e4 e5 2. Nf3 Nc6 3. Bb5 a6 4. Ba4 Nf6 5. O-O Be7 6. Re1 b5
7. Bb3 O-O 8. c3 d5 9. exd5 Nxd5 10. Nxe5 Nxe5 11. Rxe5 c6
12. d3 Bd6 13. Re1 Bf5 14. Qf3 Bg6 15. Be3 Nxe3 16. Rxe3 Qg5
17. Na3 a5 18. Rae1 a4 19. Bd1 Bf4 20. h4 Qf6 21. Re7 Bd2
22. Qxf6 gxf6 23. R1e2 Bc1 24. Rc2 Bh6 25. Be2 Rfe8 26. Rxe8+
Rxe8 27. g4 1/2-1/2

[Event "FIDE Grand Prix Moscow"]
[Site "Moscow RUS"]
[Date "2017.05.13"]
[EventDate "2017.05.12"]
[Round "2.1"]
[Result "1/2-1/2"]
[White "Yifan Hou"]
[Black "Maxime Vachier-Lagrave"]
[WhiteElo "2652"]
[BlackElo "2795"]
[PlyCount "50"]

1. Nf3 c5 2. c4 Nc6 3. Nc3 e5 4. e3 Nf6 5. d4 e4 6. d5 exf3
7. dxc6 bxc6 8. Qxf3 d5 9. cxd5 Bg4 10. Qf4 cxd5 11. Bb5+ Bd7
12. O-O Be7 13. Qa4 Rb8 14. Bxd7+ Qxd7 15. Qxd7+ Kxd7 16. b3
Rhc8 17. Ba3 c4 18. Bxe7 Kxe7 19. Rfc1 a5 20. Kf1 cxb3
21. axb3 Rc5 22. Ne2 Rxc1+ 23. Nxc1 Rb5 24. Ne2 Rxb3 25. Nd4
Rb2 1/2-1/2

[Event "FIDE Grand Prix Moscow"]
[Site "Moscow RUS"]
[Date "2017.05.14"]
[EventDate "2017.05.12"]
[Round "3.2"]
[Result "1/2-1/2"]
[White "Maxime Vachier-Lagrave"]
[Black "Boris Gelfand"]
[WhiteElo "2795"]
[BlackElo "2724"]
[PlyCount "86"]

1. e4 c5 2. Nf3 Nc6 3. Nc3 g6 4. d4 cxd4 5. Nxd4 Bg7 6. Be3
Nf6 7. Bc4 O-O 8. Bb3 d5 9. exd5 Na5 10. Qd2 Nxb3 11. Nxb3 b5
12. Nxb5 Qxd5 13. Qxd5 Nxd5 14. Bd4 Rb8 15. Bxg7 Kxg7 16. Na3
Nb4 17. O-O-O Nxa2+ 18. Kb1 Nb4 19. Rhe1 Re8 20. Rd2 Bb7
21. c3 Nd5 22. Kc2 Rec8 23. Rd4 Ba8 24. Nc4 Rc7 25. g3 f6
26. f4 Kf7 27. Nbd2 Rd8 28. Kc1 Rdc8 29. g4 Nb6 30. Nxb6 axb6
31. Rb4 Rb8 32. Kc2 Bc6 33. Nb3 Bd7 34. g5 b5 35. Nd4 Rc5
36. h4 Ra8 37. Nb3 Rc4 38. Rxc4 bxc4 39. Nd4 h6 40. gxf6 exf6
41. b4 cxb3+ 42. Kxb3 Ra5 43. Kc4 g5 1/2-1/2

[Event "FIDE Grand Prix Moscow"]
[Site "Moscow RUS"]
[Date "2017.05.15"]
[EventDate "2017.05.12"]
[Round "4.3"]
[Result "1/2-1/2"]
[White "Alexander Grischuk"]
[Black "Maxime Vachier-Lagrave"]
[WhiteElo "2750"]
[BlackElo "2795"]
[PlyCount "132"]

1. e4 c5 2. Nf3 d6 3. d4 cxd4 4. Nxd4 Nf6 5. Nc3 a6 6. Be3 Ng4
7. Bc1 Nf6 8. Be3 Ng4 9. Bg5 h6 10. Bc1 Nf6 11. Bd3 e5
12. Nde2 Be7 13. O-O O-O 14. Ng3 Nbd7 15. a4 Nc5 16. Be2 Be6
17. Bf3 Rc8 18. Re1 Qd7 19. a5 Rfd8 20. Nd5 Bxd5 21. exd5 Re8
22. c4 Bd8 23. Be3 e4 24. Be2 h5 25. b4 Nd3 26. Bxd3 exd3
27. Qxd3 h4 28. Nf1 h3 29. Bd4 hxg2 30. Ng3 Rxe1+ 31. Rxe1 Qh3
32. Qf3 Kf8 33. c5 dxc5 34. Bxc5+ Kg8 35. Qf5 Qxf5 36. Nxf5 g6
37. Nd6 Rc7 38. Ne8 Rd7 39. Nxf6+ Bxf6 40. Re8+ Kg7 41. Bf8+
Kh7 42. d6 Bg7 43. Re7 Rd8 44. Bxg7 Kxg7 45. Rxb7 Rxd6
46. Kxg2 Rd4 47. Kf3 g5 48. Ke3 Rf4 49. Rb6 f5 50. Rxa6 Rxb4
51. Ra7+ Kg6 52. a6 Ra4 53. Ra8 g4 54. f4 gxf3 55. Kxf3 Kg7
56. Kg3 Rg4+ 57. Kf3 Ra4 58. h3 Kh7 59. Kg3 Kg7 60. h4 Rg4+
61. Kh3 Ra4 62. h5 Kh7 63. Kg3 Kg7 64. Kf3 Kh7 65. Ke3 Kg7
66. Kd3 f4 1/2-1/2

[Event "FIDE Grand Prix Moscow"]
[Site "Moscow RUS"]
[Date "2017.05.16"]
[EventDate "2017.05.12"]
[Round "5.3"]
[Result "1-0"]
[White "Maxime Vachier-Lagrave"]
[Black "A R Saleh Salem"]
[WhiteElo "2795"]
[BlackElo "2633"]
[PlyCount "71"]

1. e4 c6 2. Nf3 d5 3. Nc3 dxe4 4. Nxe4 Nf6 5. Qe2 Nxe4 6. Qxe4
Qd5 7. Qh4 Qe6+ 8. Be2 Qg4 9. Qg3 Qxg3 10. hxg3 Bf5 11. b3 a5
12. Bb2 h6 13. O-O-O a4 14. Nd4 Bc8 15. Rde1 axb3 16. axb3 Nd7
17. Nf5 Nf6 18. g4 Be6 19. f4 Rg8 20. Ne3 g6 21. f5 gxf5
22. gxf5 Bd7 23. Bf3 Kd8 24. Bd4 Bg7 25. Kb2 Ne8 26. Bxg7 Nxg7
27. f6 exf6 28. Rxh6 Ne8 29. d4 Kc7 30. d5 Rg5 31. Rd1 Ra6
32. b4 Nd6 33. Rxf6 cxd5 34. Rxd5 Rxd5 35. Bxd5 Nc4+ 36. Bxc4
1-0

[Event "FIDE Grand Prix Moscow"]
[Site "Moscow RUS"]
[Date "2017.05.19"]
[EventDate "2017.05.12"]
[Round "7.3"]
[Result "1/2-1/2"]
[White "Maxime Vachier-Lagrave"]
[Black "Teimour Radjabov"]
[WhiteElo "2795"]
[BlackElo "2710"]
[PlyCount "37"]

1. e4 c5 2. Nf3 Nc6 3. Nc3 g6 4. d4 cxd4 5. Nxd4 Bg7 6. Be3
Nf6 7. Bc4 O-O 8. Bb3 d6 9. f3 Bd7 10. Qd2 Nxd4 11. Bxd4 b5
12. h4 a5 13. a4 bxa4 14. Nxa4 h5 15. Nb6 Ra6 16. Nxd7 Nxd7
17. Bxg7 Kxg7 18. Bc4 Ra8 19. Qd4+ 1/2-1/2

[Event "FIDE Grand Prix Moscow"]
[Site "Moscow RUS"]
[Date "2017.05.20"]
[EventDate "2017.05.12"]
[Round "8.5"]
[Result "1/2-1/2"]
[White "Evgeny Tomashevsky"]
[Black "Maxime Vachier-Lagrave"]
[WhiteElo "2696"]
[BlackElo "2795"]
[PlyCount "201"]

1. d4 Nf6 2. c4 g6 3. Nc3 d5 4. Bg5 Ne4 5. Bh4 Nxc3 6. bxc3
dxc4 7. e3 Be6 8. Be2 Nd7 9. Nf3 Bg7 10. O-O Nb6 11. Qc2 O-O
12. Rfb1 Bd7 13. a4 a5 14. Bg3 Bc6 15. e4 Qd7 16. Rxb6 cxb6
17. d5 Bxa4 18. Rxa4 b5 19. Ra2 b4 20. cxb4 axb4 21. Bxc4 Ra3
22. Rxa3 bxa3 23. Qa2 Qa4 24. h4 Qd1+ 25. Kh2 Qa1 26. e5 Qxa2
27. Bxa2 Rc8 28. d6 exd6 29. exd6 Bf6 30. Ng5 Rc2 31. Bxf7+
Kg7 32. Bb3 a2 33. Ne6+ Kh8 34. Bxa2 Rxa2 35. d7 Rd2 36. Nc5
Be7 37. Nxb7 Rxd7 38. Na5 Rd5 39. Nc4 Kg8 40. Ne3 Rd4 41. Kh3
h5 42. f3 Kf7 43. Bf2 Rd2 44. Bg3 Ke6 45. Bf4 Rd3 46. Nf1 Rd1
47. Ng3 Rb1 48. Bc7 Bf6 49. Bf4 Bd8 50. Be3 Bc7 51. Bg5 Kd5
52. Bf6 Kc4 53. Bg5 Kd3 54. Bh6 Be5 55. Bf8 Ra1 56. Be7 Ra6
57. Bf8 Rc6 58. Bh6 Bxg3 59. Kxg3 Ke2 60. Kf4 Kf2 61. g4 Rc4+
62. Kg5 Kxf3 63. gxh5 Rg4+ 64. Kf6 gxh5 65. Bg5 Re4 66. Kf5
Re8 67. Bf6 Rf8 68. Ke5 Kg4 69. Bg5 Re8+ 70. Kd4 Kf3 71. Kd3
Re4 72. Bf6 Re6 73. Bg5 Rd6+ 74. Kc3 Ke4 75. Kc2 Rd3 76. Bh6
Kd4 77. Bg5 Rf3 78. Kd2 Rf2+ 79. Ke1 Ra2 80. Bf6+ Kd3 81. Bg5
Re2+ 82. Kf1 Re5 83. Kf2 Rf5+ 84. Ke1 Rf7 85. Bh6 Re7+ 86. Kf2
Re2+ 87. Kf1 Rh2 88. Bg5 Ke4 89. Ke1 Kf3 90. Kd1 Re2 91. Bh6
Kf2 92. Bg5 Re5 93. Kd2 Rd5+ 94. Kc3 Ke2 95. Kc4 Rd3 96. Bh6
Ra3 97. Bg5 Kf3 98. Kd4 Kg4 99. Ke4 Rh3 100. Bf6 Rh1 101. Bg5
1/2-1/2

[Event "Grand Chess Tour Paris (Rapid)"]
[Site "Paris FRA"]
[Date "2017.06.21"]
[EventDate "2017.06.21"]
[Round "1.3"]
[Result "0-1"]
[White "Etienne Bacrot"]
[Black "Maxime Vachier-Lagrave"]
[WhiteElo "2708"]
[BlackElo "2796"]
[PlyCount "180"]

1. d4 Nf6 2. Bf4 g6 3. Nc3 Bg7 4. e4 d5 5. e5 Ne4 6. Na4 c5
7. c3 cxd4 8. f3 Nxc3 9. bxc3 Qa5 10. Qxd4 Nc6 11. Qd1 Nxe5
12. Bd2 Nc4 13. Bxc4 dxc4 14. Ne2 O-O 15. Nb2 Rd8 16. Qc1 Bf5
17. O-O Rac8 18. Re1 b5 19. Nd1 Bd3 20. Nf2 Bxe2 21. Rxe2 Rxd2
22. Rxd2 Bxc3 23. Re2 Bxa1 24. Qxa1 c3 25. Qc1 b4 26. Qc2 Qc5
27. g4 a5 28. Kg2 Rc7 29. Nd3 Qd6 30. Ne5 Rc5 31. Nd3 Rd5
32. Nf2 Qd7 33. Qe4 Kg7 34. h4 Qd6 35. g5 a4 36. Qc2 Qd7
37. a3 Rd2 38. Rxd2 Qxd2 39. Qe4 Qd6 40. Qc4 e5 41. Nd3 bxa3
42. Qxc3 Qd4 43. Qxa3 e4 44. fxe4 Qxe4+ 45. Kg3 Qe3+ 46. Kg2
Qe4+ 47. Kg3 Qe3+ 48. Kg2 Qd2+ 49. Kg3 h5 50. Nf2 Qd4 51. Qf3
Qd6+ 52. Kg2 a3 53. Ne4 Qd5 54. Nc3 Qd2+ 55. Kh3 a2 56. Nxa2
Qxa2 57. Qc3+ Kh7 58. Qd4 Qe6+ 59. Kg3 Qf5 60. Kg2 Qb1 61. Qc4
Qb2+ 62. Kg3 Kg7 63. Kf3 Qe5 64. Qb4 Qf5+ 65. Kg3 Qd3+ 66. Kf4
Qh3 67. Qd4+ Kg8 68. Ke5 Qf5+ 69. Kd6 Qe6+ 70. Kc5 f5 71. Qd8+
Kf7 72. Qh8 Qe7+ 73. Kd5 Qe6+ 74. Kc5 Qe8 75. Qh7+ Ke6 76. Kd4
Qd7+ 77. Qxd7+ Kxd7 78. Kd5 Ke8 79. Kd4 Kd8 80. Kc4 Ke7
81. Kd5 Kd7 82. Ke5 Kc6 83. Kf6 f4 84. Kxg6 f3 85. Kh7 f2
86. g6 f1=Q 87. g7 Qf7 88. Kh8 Kd7 89. g8=Q Qxg8+ 90. Kxg8 Ke6
0-1

[Event "Grand Chess Tour Paris (Rapid)"]
[Site "Paris FRA"]
[Date "2017.06.21"]
[EventDate "2017.06.21"]
[Round "2.4"]
[Result "1/2-1/2"]
[White "Maxime Vachier-Lagrave"]
[Black "Alexander Grischuk"]
[WhiteElo "2796"]
[BlackElo "2761"]
[PlyCount "159"]

1. e4 c5 2. Nf3 Nc6 3. Nc3 d6 4. d4 cxd4 5. Nxd4 Nf6 6. f3 e5
7. Nb3 Be7 8. Be3 O-O 9. Qd2 Be6 10. O-O-O a5 11. Bb5 Qb8
12. g4 a4 13. Nxa4 d5 14. g5 d4 15. gxf6 dxe3 16. Qxe3 Bxf6
17. Bxc6 bxc6 18. Nbc5 Bxa2 19. Nd7 Qd8 20. Nxf6+ Qxf6 21. Nb6
Be6 22. Nxa8 Rxa8 23. b3 Qe7 24. Qc3 c5 25. Kb2 c4 26. Ra1 Rc8
27. b4 Rb8 28. Ra4 h6 29. Ka3 Qg5 30. Ra5 Rd8 31. Rb1 Qg2
32. b5 Rd2 33. Rc1 Rf2 34. Ka2 Rxf3 35. Qxe5 Qd2 36. Ra8+ Kh7
37. Kb1 Qb4+ 38. Qb2 Qc5 39. Ra4 Qe3 40. Qb4 Qxe4 41. b6 Bd5
42. Ra3 Rf6 43. Ra5 Bb7 44. Rb5 Rf3 45. Qb2 Qc6 46. Qe5 Rf6
47. Rb4 c3 48. Rd1 Qf3 49. Qd4 Rg6 50. h4 f5 51. Qd3 Qf2
52. Rf1 Qc5 53. Qb5 Qe7 54. h5 Rg5 55. Rb3 Qe6 56. Rxc3 f4
57. Qb2 f3 58. Qb3 Qe2 59. Qc4 Rb5+ 60. Kc1 Qe5 61. Rb3 Rc5
62. Qb4 Qa1+ 63. Rb1 Qe5 64. Qd2 Qxh5 65. Qd3+ Kh8 66. Qd8+
Kh7 67. Qd3+ Kh8 68. Rb4 Qg5+ 69. Kb1 Qf6 70. Qd7 Qc3 71. Qd8+
Kh7 72. Qd3+ Qxd3 73. cxd3 g5 74. d4 Rf5 75. d5 Rxd5 76. Rxf3
Rd1+ 77. Kc2 Bxf3 78. b7 Rd8 79. b8=Q Rxb8 80. Rxb8 1/2-1/2

[Event "Grand Chess Tour Paris (Rapid)"]
[Site "Paris FRA"]
[Date "2017.06.21"]
[EventDate "2017.06.21"]
[Round "3.3"]
[Result "1-0"]
[White "Magnus Carlsen"]
[Black "Maxime Vachier-Lagrave"]
[WhiteElo "2832"]
[BlackElo "2796"]
[PlyCount "77"]

1. e4 c5 2. Nf3 d6 3. d4 cxd4 4. Nxd4 Nf6 5. Nc3 a6 6. Be2 e5
7. Nf3 Be7 8. Bg5 Nbd7 9. a4 b6 10. Nd2 h6 11. Bxf6 Nxf6
12. Nc4 Bb7 13. a5 b5 14. Nb6 Nxe4 15. Nxe4 Bxe4 16. Bf3 Bxf3
17. Qxf3 Ra7 18. c4 d5 19. cxb5 Bb4+ 20. Ke2 Bxa5 21. Nxd5
axb5 22. b4 Bb6 23. Rxa7 Bxa7 24. Ra1 Bb8 25. Qd3 O-O 26. Qxb5
e4 27. g3 Be5 28. Rd1 Qg5 29. Kf1 f5 30. Qe2 Kh8 31. f4 exf3
32. Qxe5 Qh5 33. Nf4 Qxh2 34. Ng6+ Kh7 35. Nxf8+ Kh8 36. Ng6+
Kh7 37. Nh4 Qh1+ 38. Kf2 Qxd1 39. Qxf5+ 1-0

[Event "Grand Chess Tour Paris (Rapid)"]
[Site "Paris FRA"]
[Date "2017.06.22"]
[EventDate "2017.06.21"]
[Round "6"]
[Result "0-1"]
[White "Veselin Topalov"]
[Black "Maxime Vachier-Lagrave"]
[WhiteElo "2749"]
[BlackElo "2796"]
[PlyCount "92"]

1. e4 c5 2. Nf3 d6 3. d4 cxd4 4. Nxd4 Nf6 5. Nc3 a6 6. f3 e5
7. Nb3 Be6 8. Be3 h5 9. Qd2 Nbd7 10. Nd5 Bxd5 11. exd5 g6
12. Be2 Bg7 13. O-O b6 14. c4 O-O 15. Rac1 a5 16. Qd1 a4
17. Nd2 Nc5 18. Nb1 Re8 19. Nc3 e4 20. f4 Nd3 21. Bxd3 Ng4
22. Bf2 exd3 23. Qxd3 Ra7 24. Bd4 Rae7 25. Bxg7 Re3 26. Qd2
Kxg7 27. f5 Qh4 28. g3 Qg5 29. Qd4+ f6 30. Qf4 Qxf4 31. gxf4
h4 32. Nxa4 h3 33. Rc3 gxf5 34. Rxe3 Rxe3 35. Nc3 Kh6 36. a4
Kh5 37. a5 bxa5 38. c5 dxc5 39. d6 Re8 40. Rd1 Rg8 41. Re1
Ne5+ 42. Kf1 Nf3 43. Re2 Rd8 44. Nb5 Kg4 45. Re7 Nxh2+ 46. Kf2
Kxf4 0-1

[Event "Grand Chess Tour Paris (Blitz)"]
[Site "Paris FRA"]
[Date "2017.06.25"]
[EventDate "2017.06.21"]
[Round "11"]
[Result "1-0"]
[White "Maxime Vachier-Lagrave"]
[Black "Wesley So"]
[WhiteElo "2796"]
[BlackElo "2812"]
[PlyCount "49"]

1. e4 e5 2. Nf3 Nc6 3. Bc4 Bc5 4. c3 Nf6 5. d3 O-O 6. Bg5 Be7
7. Nbd2 d6 8. Bb3 h6 9. Bh4 Nh5 10. Bg3 Na5 11. Bc2 f5
12. exf5 Bxf5 13. d4 Bxc2 14. Qxc2 exd4 15. cxd4 Kh8 16. O-O
Qd7 17. d5 c5 18. Rae1 Nxg3 19. hxg3 Rae8 20. Re6 Nc6 21. Qa4
Rd8 22. Qe4 Ne5 23. Rxe5 dxe5 24. Nxe5 Qd6 25. Ndc4 1-0

[Event "Grand Chess Tour Paris (Blitz)"]
[Site "Paris FRA"]
[Date "2017.06.25"]
[EventDate "2017.06.21"]
[Round "12"]
[Result "1/2-1/2"]
[White "Fabiano Caruana"]
[Black "Maxime Vachier-Lagrave"]
[WhiteElo "2808"]
[BlackElo "2796"]
[PlyCount "85"]

1. e4 c5 2. Nc3 d6 3. Nge2 Nf6 4. h3 Nc6 5. d4 cxd4 6. Nxd4 e5
7. Nf3 h6 8. Bc4 Be6 9. Bb3 Be7 10. O-O O-O 11. Qe2 Na5
12. Rd1 Nxb3 13. cxb3 Qa5 14. Be3 Rac8 15. Nd2 d5 16. exd5
Nxd5 17. Nxd5 Bxd5 18. Nc4 Bxc4 19. bxc4 Rfd8 20. b3 Bc5
21. Bxc5 Qxc5 22. Qe4 b6 23. Rd3 Rxd3 24. Qxd3 Re8 25. Rd1 e4
26. Qe3 Qa3 27. Rd2 Qc1+ 28. Kh2 Qa1 29. b4 Qe5+ 30. g3 Rc8
31. Rd4 f5 32. Rd5 Qf6 33. c5 bxc5 34. bxc5 Rc6 35. Qf4 Qe7
36. Qxf5 Rf6 37. Qc8+ Rf8 38. Qd7 Rxf2+ 39. Kg1 Qf8 40. Qd8
Rxa2 41. c6 Ra1+ 42. Kg2 Ra2+ 43. Kg1 1/2-1/2

[Event "Grand Chess Tour Paris (Blitz)"]
[Site "Paris FRA"]
[Date "2017.06.25"]
[EventDate "2017.06.21"]
[Round "13"]
[Result "1-0"]
[White "Maxime Vachier-Lagrave"]
[Black "Etienne Bacrot"]
[WhiteElo "2796"]
[BlackElo "2708"]
[PlyCount "66"]

1. Nf3 Nf6 2. b3 d5 3. Bb2 c5 4. g3 Nc6 5. Bg2 g6 6. O-O Bg7
7. Ne5 Nxe5 8. Bxe5 O-O 9. c4 Be6 10. Nc3 d4 11. Na4 Qc8
12. e3 Rd8 13. exd4 cxd4 14. Qf3 Bh3 15. Qxb7 Bxg2 16. Qxc8
Raxc8 17. Kxg2 Nd7 18. Bxg7 Kxg7 19. Rae1 e5 20. d3 f5 21. f4
Kf6 22. Rf2 g5 23. fxe5+ Nxe5 24. Ref1 f4 25. gxf4 Ng4
26. fxg5+ Kg6 27. h4 Ne3+ 28. Kg3 Nxf1+ 29. Rxf1 Rf8 30. Rxf8
Rxf8 31. Nc5 Rf1 32. Ne6 Rd1 33. Kg4 Kf7 1-0

[Event "Grand Chess Tour Paris (Blitz)"]
[Site "Paris FRA"]
[Date "2017.06.25"]
[EventDate "2017.06.21"]
[Round "14"]
[Result "1/2-1/2"]
[White "Veselin Topalov"]
[Black "Maxime Vachier-Lagrave"]
[WhiteElo "2749"]
[BlackElo "2796"]
[PlyCount "133"]

1. c4 e5 2. g3 Nf6 3. Bg2 d5 4. cxd5 Nxd5 5. Nf3 Nc6 6. O-O
Nb6 7. b3 Bd6 8. Nc3 O-O 9. Bb2 Re8 10. d3 Bf8 11. Rc1 Bg4
12. h3 Bh5 13. Ne4 Nd4 14. Nxd4 exd4 15. g4 Bg6 16. Nc5 Bxc5
17. Rxc5 c6 18. Qd2 Qe7 19. Rc2 Rad8 20. Qf4 Qd6 21. Qxd6 Rxd6
22. Bf3 f6 23. a4 Bf7 24. Ba3 Rd7 25. Rb1 Bd5 26. a5 Bxf3
27. axb6 Bd5 28. Bc5 a6 29. f3 h5 30. Kf2 Kf7 31. b4 Rh8
32. Rg1 hxg4 33. hxg4 Rh2+ 34. Kg3 Rh8 35. Rcc1 Rdd8 36. Rh1
Rhe8 37. Kf2 Re6 38. Rh2 Bb3 39. Ke1 Re5 40. Kd2 Ba4 41. Rc4
Red5 42. Rh5 R5d7 43. Rc1 Bb5 44. Rf5 Rd5 45. Rf4 R8d7 46. Re4
Ba4 47. f4 Bb3 48. Ra1 f5 49. gxf5 Rxf5 50. Rg1 g6 51. Rg5 Be6
52. Rxf5+ gxf5 53. Rxd4 Rxd4 54. Bxd4 Bd5 55. Bc5 Ke6 56. Kc3
Bg2 57. Kd4 Bf1 58. e4 Be2 59. Ke3 Bf1 60. Bf8 Bg2 61. Kd4 Bf1
62. Bg7 Be2 63. Bh6 Bg4 64. Kc5 Bh3 65. Bg5 Bg4 66. Bh4 Bh3
67. Bg5 1/2-1/2